[Event "It (open)"]
[Site "masterchessopen.com – Vendrell (Spain)"]
[Round "3"]
[White "Oms Pallise Josep (AND)"]
[Black "Hernandez Casillas Joan J (ESP)"]
[Result "0-1"]
[WhiteElo "2395"]
[BlackElo "2177"]

1.e4 e6 2.d4 d5 3.Nd2 Nc6 4.Ngf3 Nf6 5.e5 Nd7 6.c3 f6 7.exf6 Qxf6 8.Nb3 Bd6
9.Bg5 Qf7 10.Bh4 h6 11.Bb5 O-O 12.O-O e5 13.Bxc6 bxc6 14.dxe5 Nxe5 15.Nxe5
Bxe5 16.Bg3 Bf6 17.Qf3 Qg6 18.Rfe1 Bg5 19.Qd1 h5 20.Qd4 h4 21.Bxc7 Bh3 22.g3
Qf7 23.Bf4 Qh5 24.Qd1 Bg4 25.Qd4 Bxf4 26.gxf4 Bh3 27.f3 Qg6+ 28.Kf2 Qg2+ {#R}
0-1

[Event "Czech League 1996/97 (1st) (a)"]
[Site "masterchessopen.com – Czech Republic"]
[Round "0"]
[White "Wokurka Karel (CZE)"]
[Black "Klimes Martin (CZE)"]
[Result "1-0"]
[WhiteElo "2098"]
[BlackElo "2153"]

1.e4 e6 2.d4 d5 3.Nd2 Nc6 4.Ngf3 Nf6 5.e5 Nd7 6.c3 f6 7.exf6 Qxf6 8.Nb3 Bd6
9.Bg5 Qf7 10.Be2 e5 11.dxe5 Ncxe5 12.O-O O-O 13.Bh4 Nxf3+ 14.Bxf3 c6 15.Bg3
Ne5 16.Be2 Bf5 17.Nd4 Rad8 18.Nxf5 Qxf5 19.Bh4 g5 20.Bg3 Bc5 21.a4 a6 22.a5
Kh8 23.Ra4 Nc4 24.Bd3 Nxb2 25.Bxf5 Nxd1 26.Be5+ Kg8 27.Be6+ {#r} 1-0

[Event "Oberliga Northwest 1997/98"]
[Site "masterchessopen.com – Germany"]
[Round "5"]
[White "Karges Dieter (GER)"]
[Black "Rick Uwe (GER)"]
[Result "1-0"]
[WhiteElo "2212"]
[BlackElo "2198"]

1.e4 Nc6 2.Nf3 e6 3.d4 d5 4.Nbd2 Nf6 5.e5 Nd7 6.c3 Be7 7.g3 b6 8.Bh3 Na5 9.b4
Nb7 10.a3 c5 11.Qe2 a5 12.bxc5 bxc5 13.Rb1 c4 14.O-O O-O 15.Ne1 Ra6 16.f4 Rb6
17.Ng2 Rxb1 18.Nxb1 Qb6 19.Qc2 Qb3 20.Ne3 Qxc2 21.Nxc2 Nb6 22.Ne3 Bd7 23.Rf2
Na4 24.Nxd5 exd5 25.Bxd7 Nbc5 26.dxc5 Nxc5 27.Bf5 g6 28.Bc2 {#r} 1-0

[Event "It (open)"]
[Site "masterchessopen.com – Lommel (Belgium)"]
[Round "0"]
[White "Poels George"]
[Black "Willems Jeanette"]
[Result "1-0"]
[WhiteElo "1660"]
[BlackElo "1605"]

1.e4 e6 2.d4 Nf6 3.Nd2 Nc6 4.Ngf3 d5 5.e5 Ne4 6.Nxe4 dxe4 7.Ng5 Qd5 8.c3 Be7
9.Nh3 O-O 10.Qc2 f6 11.Nf4 Nxd4 12.cxd4 Qxd4 13.Ne2 Qxe5 14.Ng3 Rd8 15.Be2 b6
16.Qxe4 Bb4+ 17.Qxb4 a5 18.Qe4 Rb8 19.Qxe5 fxe5 20.Be3 Bb7 21.O-O c6 22.Rfd1
b5 23.Bb6 Rdc8 24.Bxa5 Ra8 25.Bc3 Rd8 26.Bxe5 {#r} 1-0

[Event "Ch Yugoslavia (open)"]
[Site "masterchessopen.com – Nis (Yugoslavia)"]
[Round "1"]
[White "Marinkovic Ivan (SRB)"]
[Black "Kekenj Aleksandar (SRB)"]
[Result "1-0"]
[WhiteElo "2505"]
[BlackElo "2220"]

1.e4 e6 2.d4 d5 3.Nd2 Nc6 4.Ngf3 Nf6 5.e5 Nd7 6.Bd3 Nb4 7.Be2 c5 8.c3 Nc6
9.O-O cxd4 10.cxd4 Be7 11.Bd3 O-O 12.Re1 f6 13.exf6 Nxf6 14.Nb3 Bd6 15.Bg5 Qe8
16.Bh4 Qh5 17.Bg3 Bxg3 18.fxg3 Bd7 19.Rc1 Rae8 20.h3 e5 21.Nxe5 Nxe5 22.Qxh5
Nxh5 23.dxe5 Nxg3 24.Rc5 Bf5 25.Rxd5 Rd8 26.Bc4 Kh8 27.Nd4 h5 28.e6 Rde8 29.e7
{#r} 1-0

[Event "Tournament"]
[Site "masterchessopen.com – Prokopjevsk (Russia)"]
[Round "0"]
[White "Lavrov Andrey (RUS)"]
[Black "Kostenko Petr (KAZ)"]
[Result "0-1"]
[WhiteElo "2355"]
[BlackElo "2410"]

1.e4 e6 2.d4 d5 3.Nd2 Nc6 4.Ngf3 Nf6 5.e5 Nd7 6.Bb5 a6 7.Bxc6 bxc6 8.Nb3 c5
9.Bg5 Be7 10.Na5 Nxe5 11.Nxe5 Bxg5 12.O-O cxd4 13.Nac6 Qd6 14.Qh5 O-O 15.f4
Bf6 16.Rf3 g6 17.Qh6 Bg7 18.Qh4 Re8 19.Rh3 h6 20.Rf1 Bd7 21.Nxd4 Bxe5 22.fxe5
Qxe5 {#R} 0-1

[Event "Ch Spain (juniors)"]
[Site "masterchessopen.com – Spain"]
[Round "9"]
[White "Baron Rodriguez Jesus (ESP)"]
[Black "Hernandez Gallardo F J (ESP)"]
[Result "1-0"]
[WhiteElo "2380"]
[BlackElo "2369"]

1.e4 e6 2.d4 d5 3.Nd2 Nc6 4.Ngf3 Nf6 5.e5 Nd7 6.Be2 f6 7.exf6 Qxf6 8.Nf1 Bd6
9.Ne3 O-O 10.O-O Qg6 11.g3 Nf6 12.Nh4 Qe8 13.f4 Bd7 14.c3 Ne7 15.Ng4 Bb5
16.Nf2 Nf5 17.Nf3 Ne4 18.Nxe4 dxe4 19.Bxb5 Qxb5 20.Ng5 Qd5 21.Qe2 c5 22.Qxe4
cxd4 23.g4 {#r} 1-0

[Event "Ch Europe (juniors) (under 12)"]
[Site "masterchessopen.com – Tallinn (Estonia)"]
[Round "6"]
[White "Kukel Imre (SVK)"]
[Black "Piotrovski Ksystof (LTU)"]
[Result "1-0"]
[WhiteElo "2305"]
[BlackElo "2016"]

1.e4 e6 2.d4 d5 3.Nd2 Nc6 4.Ngf3 Nf6 5.e5 Nd7 6.Be2 f6 7.exf6 Qxf6 8.Nf1 Bd6
9.Bg5 Qf7 10.Ne3 Nf6 11.Bxf6 gxf6 12.Ne5 Qg7 13.Bh5+ Ke7 14.Nf7 Rf8 15.Nxd6
cxd6 16.Qd2 Bd7 17.O-O-O Be8 {#r} 1-0

[Event "Ch Ukraine (team)"]
[Site "masterchessopen.com – Alushta (Ukraine)"]
[Round "0"]
[White "Efimenko Zahar (UKR)"]
[Black "Khudyakov Alexander (RUS)"]
[Result "1-0"]
[WhiteElo "2330"]
[BlackElo "2154"]

1.e4 e6 2.d4 d5 3.Nd2 Nc6 4.Ngf3 Nf6 5.e5 Nd7 6.Be2 f6 7.exf6 Qxf6 8.Nf1 b6
9.Ng3 Bb7 10.Bg5 Qf7 11.O-O Be7 12.Re1 O-O 13.Bxe7 Qxe7 14.Bd3 Rae8 15.Qd2 e5
16.Bf5 e4 17.c4 g6 18.Bh3 Qd6 19.Ng5 Nf6 20.Rad1 Na5 21.cxd5 Qxd5 22.f3 e3
23.Rxe3 Nc4 24.Rxe8 Rxe8 25.Qc1 Ne3 26.N5e4 Nxe4 27.fxe4 Rxe4 {#r} 1-0

[Event "It (open)"]
[Site "masterchessopen.com – Boblingen (Germany)"]
[Round "0"]
[White "Vuckovic Aleksandar (GER)"]
[Black "Scholl Martin (GER)"]
[Result "1-0"]
[WhiteElo "2320"]
[BlackElo "2061"]

1.e4 e6 2.d4 d5 3.Nd2 Nc6 4.Ngf3 Nf6 5.e5 Nd7 6.Be2 b6 7.Nf1 Ncb8 8.Ne3 c5
9.O-O cxd4 10.Qxd4 Nc6 11.Qf4 Be7 12.c4 g5 13.Qg3 h5 14.cxd5 h4 15.Nxh4 Ncxe5
16.dxe6 fxe6 17.Nf3 Nf7 18.Rd1 e5 19.Nf5 Bf6 20.Be3 e4 21.N3d4 Be5 22.f4 exf3
23.Qxf3 Bxh2+ 24.Kf2 O-O 25.Qxa8 Nd6 26.Qd5+ Kh7 27.Rh1 Nxf5 28.Nxf5 Qc7
29.Ke1 Nf6 30.Qd6 {#r} 1-0

[Event "It (open)"]
[Site "masterchessopen.com – Dunajska Streda (Czech Republic)"]
[Round "0"]
[White "Rigo Zsolt (SVK)"]
[Black "Rohackova Veronika (SVK)"]
[Result "1-0"]
[WhiteElo "2170"]
[BlackElo "2060"]

1.e4 e6 2.d4 d5 3.Nd2 Nc6 4.Ngf3 Nf6 5.e5 Ne4 6.Bd3 Nxd2 7.Bxd2 Be7 8.c3 O-O
9.h4 b6 10.Bxh7+ Kxh7 11.Ng5+ Kg8 12.Qh5 Bxg5 13.hxg5 f6 14.g6 Re8 15.Qh8# 1-0

[Event "Ch Finland (team) 1997/98"]
[Site "masterchessopen.com – Finland"]
[Round "0"]
[White "Rantala Jyrki (FIN)"]
[Black "Tolonen Mikko (FIN)"]
[Result "1-0"]
[WhiteElo "2151"]
[BlackElo "2232"]

1.e4 e6 2.d4 d5 3.Nd2 Nc6 4.Ngf3 Nf6 5.e5 Nd7 6.Nb3 Be7 7.Bb5 Ncb8 8.O-O b6
9.Re1 Ba6 10.Bxa6 Nxa6 11.Nbd2 c5 12.c3 O-O 13.Nf1 b5 14.a3 Nab8 15.dxc5 Nxc5
16.Nd4 a6 17.Ng3 Ra7 18.Nh5 Kh8 19.Re3 g6 20.Rh3 Rg8 21.Ng3 Rc7 22.Bf4 Nbd7
23.Qe2 Nb6 24.Rd1 Nc4 25.b3 Nb6 26.Qg4 Nbd7 27.Nf3 Qe8 28.Rxh7+ Kxh7 29.Qh3+
{#r} 1-0

[Event "Oberliga Northwest 1997/98"]
[Site "masterchessopen.com – Germany"]
[Round "4"]
[White "Kosak Robert (GER)"]
[Black "Rick Uwe (GER)"]
[Result "1-0"]
[WhiteElo "2219"]
[BlackElo "2198"]

1.e4 e6 2.d4 d5 3.Nd2 Nc6 4.Ngf3 Nf6 5.e5 Ne4 6.c3 f6 7.Bb5 a6 8.Bd3 fxe5
9.Nxe4 dxe4 10.Bxe4 exd4 11.Bxc6+ bxc6 12.Bg5 Qd5 13.Qxd4 c5 14.Qe3 Bd6 15.O-O
O-O 16.Rfd1 Qf5 17.Bh4 Rb8 18.b3 Bb7 19.Ne1 Bf4 20.Qe2 Rbd8 21.Rxd8 {#r} 1-0

[Event "It (open)"]
[Site "masterchessopen.com – Manresa (Spain)"]
[Round "0"]
[White "Van Baarle C John (NED)"]
[Black "Arribas Maritza (CUB)"]
[Result "0-1"]
[WhiteElo "2320"]
[BlackElo "2270"]

1.e4 e6 2.d4 d5 3.Nd2 Nc6 4.Ngf3 Nf6 5.e5 Nd7 6.c3 f6 7.exf6 Qxf6 8.Be2 Bd6
9.Nf1 O-O 10.Bg5 Qf7 11.Bh4 e5 12.dxe5 Ndxe5 13.Ng5 Qf6 14.Ne3 Qf4 15.Qxd5+
Kh8 16.Qe4 Ng6 17.Qxf4 Bxf4 18.g3 Nxh4 19.gxh4 h6 20.Nf3 Bh3 21.Nd4 Nxd4
22.cxd4 Rae8 23.Kd2 Bd6 24.Nd1 Bb4+ 25.Kd3 b5 26.Nc3 Rxf2 27.Rhe1 Bf5+ 28.Kd2
Bxc3+ 29.bxc3 Bg4 {#R} 0-1

[Event "Ch Cuba (1/2 final)"]
[Site "masterchessopen.com – Matanzas (Cuba)"]
[Round "0"]
[White "De La Paz Frank (CUB)"]
[Black "Pecorelli Garcia Humberto (CUB)"]
[Result "1-0"]
[WhiteElo "2470"]
[BlackElo "2425"]

1.e4 e6 2.d4 d5 3.Nd2 Nc6 4.Ngf3 Nf6 5.e5 Nd7 6.Bb5 a5 7.O-O Be7 8.Re1 Ncb8
9.Nf1 b6 10.c3 Ba6 11.Ba4 c5 12.Ng3 h5 13.h4 Bxh4 14.Nxh4 Qxh4 15.dxc5 bxc5
16.Nf5 exf5 17.e6 fxe6 18.Rxe6+ Kf7 19.Qxd5 Nf6 20.Rxf6+ Kxf6 21.Bc2 g6
22.Qxa8 Qc4 23.Be3 Rd8 24.Qa7 Nc6 25.Qb6 Qb5 26.Qc7 Qb7 27.Qg3 Qxb2 28.Bg5+
Kf7 29.Qc7+ Kg8 {#r} 1-0

[Event "Memorial T.Petrosian (juniors)"]
[Site "masterchessopen.com – Moscow (Russia)"]
[Round "3"]
[White "Kuznetsova Elena (GER)"]
[Black "Erdyneeva Tatyana (RUS)"]
[Result "1-0"]
[WhiteElo "2156"]
[BlackElo "2054"]

1.e4 e6 2.d4 d5 3.Nd2 Nc6 4.Ngf3 Nf6 5.e5 Nd7 6.c3 f6 7.exf6 Qxf6 8.Bb5 Bd6
9.O-O O-O 10.Nb3 a6 11.Be2 Nb6 12.Bg5 Qf7 13.Bh4 e5 14.dxe5 Nxe5 15.Nbd4 c5
16.Nxe5 Bxe5 17.Nf3 Bf6 18.Bg5 Nd7 19.Bd3 b6 20.Qd2 Bb7 {#r} 1-0

[Event "Ch Yugoslavia (open)"]
[Site "masterchessopen.com – Nis (Yugoslavia)"]
[Round "5"]
[White "Delchev Aleksander (BUL)"]
[Black "Brkljaca Ante (SRB)"]
[Result "0-1"]
[WhiteElo "2575"]
[BlackElo "2335"]

1.e4 e6 2.d4 d5 3.Nd2 Nc6 4.Ngf3 Nf6 5.e5 Nd7 6.Nb3 f6 7.Bb5 fxe5 8.dxe5 Be7
9.Nbd4 Ndb8 10.c3 O-O 11.h4 Nxd4 12.cxd4 b6 13.Bd3 Ba6 14.Bxh7+ Kxh7 15.Ng5+
Kg8 16.Qh5 Bd3 17.Rh3 Bf5 18.g4 Bc2 19.Nxe6 Qd7 20.Nxf8 Bxf8 21.Bd2 Nc6 22.Rc1
Nxd4 23.Bc3 g6 24.Qg5 Ne6 25.Qd2 Ba4 26.f4 d4 27.f5 dxc3 {#R} 0-1

[Event "It (open)"]
[Site "masterchessopen.com – Pardubice (Czech Republic)"]
[Round "2"]
[White "Kotek Daniel (CZE)"]
[Black "Porth Hartmut (GER)"]
[Result "1-0"]
[WhiteElo "2290"]
[BlackElo "2199"]

1.e4 e6 2.d4 d5 3.Nd2 Nc6 4.Ngf3 Nf6 5.e5 Nd7 6.Bb5 f6 7.O-O a6 8.Bxc6 bxc6
9.Nb3 a5 10.Bd2 a4 11.Na5 Ra6 12.Re1 fxe5 13.dxe5 c5 14.c4 c6 15.Qxa4 Be7
16.a3 O-O 17.b4 cxb4 18.axb4 Qe8 19.Qc2 Rb6 20.c5 Ra6 21.Nd4 Qh5 22.Ndxc6 Bh4
23.g3 Qf3 24.Be3 Ra8 25.Nd4 Qg4 26.f3 Qh3 27.Qg2 Qxg2+ 28.Kxg2 Bd8 29.Nxe6 Re8
30.Nxd8 Rxd8 {#r} 1-0

[Event "It (open)"]
[Site "masterchessopen.com – Santiago (Chile)"]
[Round "7"]
[White "Rosa Fernando (CHI)"]
[Black "Retamal Rodrigo (CHI)"]
[Result "1-0"]
[WhiteElo "2089"]
[BlackElo "2184"]

1.e4 e6 2.d4 d5 3.Nd2 Nc6 4.Ngf3 Nf6 5.e5 Nd7 6.Be2 f6 7.exf6 Nxf6 8.O-O Bd6
9.Re1 O-O 10.Nb3 e5 11.dxe5 Nxe5 12.Nbd4 c5 13.Nxe5 Bxe5 14.Nf3 Bc7 15.Bg5 Qd6
16.Bh4 Ne4 17.Bg3 Nxg3 18.hxg3 Bd7 19.Qd2 Rf6 20.Rad1 Bc6 21.c3 Raf8 22.Rf1
Rh6 23.Nh2 Rxh2 24.Kxh2 Rxf2 25.Qe3 Rxe2 26.Qxe2 Qxg3+ 27.Kg1 Qh2+ 28.Kf2 Bg3+
29.Ke3 Qh6+ {#r} 1-0

[Event "It (open)"]
[Site "masterchessopen.com – St. Ingbert (Germany)"]
[Round "2"]
[White "Koscielski Janus Darius (GER)"]
[Black "Fischer Daniel (GER)"]
[Result "1-0"]
[WhiteElo "2320"]
[BlackElo "2124"]

1.e4 e6 2.d4 d5 3.Nd2 Nc6 4.Ngf3 Nf6 5.e5 Ne4 6.Bd3 Nxd2 7.Bxd2 Nb4 8.Bxb4
Bxb4+ 9.c3 Be7 10.O-O c5 11.Qd2 Bd7 12.Rad1 Qb6 13.Bb1 f5 14.exf6 gxf6 15.Rfe1
O-O-O 16.Qe2 Bd6 17.c4 cxd4 18.Nxd4 e5 19.Nf5 d4 20.Nxd6+ Qxd6 21.c5 Qc7 22.b4
a6 23.Bd3 Bc6 24.a4 Bxa4 25.Ra1 Qc6 26.Be4 Bb5 27.Qg4+ {#r} 1-0

[Event "Ch Cuba (w)"]
[Site "masterchessopen.com – Cuba"]
[Round "0"]
[White "Badalo Tanis (CUB)"]
[Black "Fandino Roquelina (CUB)"]
[Result "0-1"]
[WhiteElo "2125"]
[BlackElo "2157"]

1.e4 e6 2.d4 d5 3.Nd2 Nc6 4.Ngf3 Nf6 5.e5 Nd7 6.c3 f6 7.Bb5 Be7 8.Qe2 fxe5
9.Nxe5 Ncxe5 10.dxe5 O-O 11.Bd3 Qe8 12.Bc2 b6 13.Nf3 a5 14.Nd4 Qf7 15.f4 c5
16.Qd3 g6 17.Nf3 Ba6 18.Qd1 Rad8 19.b3 c4 20.Nd4 Nxe5 21.Qe2 Nd3+ 22.Bxd3 Bh4+
23.Kd1 e5 24.Nc6 cxd3 25.Qg4 Rc8 26.Nxe5 Qe7 27.Bb2 Rcd8 28.g3 Bf6 29.Re1 Bxe5
30.Rxe5 Qc5 {#R} 0-1

[Event "Ch Poland (team) (2nd liga) North"]
[Site "masterchessopen.com – Lublin (Poland)"]
[Round "4"]
[White "Chojnacki Krzysztof (POL)"]
[Black "Olszewski Marek (POL)"]
[Result "1-0"]
[WhiteElo "2148"]
[BlackElo "2195"]

1.e4 e6 2.d4 d5 3.Nd2 Nc6 4.Ngf3 Nf6 5.e5 Nd7 6.Bb5 a6 7.Bxc6 bxc6 8.Nb3 a5
9.a4 c5 10.O-O c4 11.Nbd2 c5 12.c3 cxd4 13.cxd4 Ba6 14.Nb1 Nb8 15.Nc3 Nc6
16.Be3 Rb8 17.Rb1 Be7 18.Ne1 Rb3 19.Qg4 g6 20.Bh6 Qb6 21.Nf3 Rxb2 22.h4 Rxb1
23.Rxb1 Nb4 24.h5 Qb7 25.Bg7 Rg8 26.Bf6 Bxf6 27.exf6 Kd8 28.Ne5 Kc8 29.hxg6
hxg6 30.Qh4 Kb8 {#r} 1-0

[Event "It (open) \"]
[Site "masterchessopen.com – St. Petersburg (Russia)"]
[Round "5"]
[White "Barbitskij Aleksey (RUS)"]
[Black "Kashtanov Ruslan (RUS)"]
[Result "0-1"]
[WhiteElo "2189"]
[BlackElo "2341"]

1.e4 e6 2.d4 d5 3.Nd2 Nc6 4.Ngf3 Nf6 5.e5 Nd7 6.c3 f6 7.exf6 Qxf6 8.Nb3 Bd6
9.c4 O-O 10.Bg5 Bb4+ 11.Nbd2 Qf5 12.a3 Nxd4 13.axb4 Nc2+ 14.Ke2 Ne5 15.Nxe5
Qxe5+ 16.Be3 Rxf2+ {#R} 0-1

[Event "It (open)"]
[Site "masterchessopen.com – Augsburg (Germany)"]
[Round "5"]
[White "Sedlmayr Werner"]
[Black "Linder Oliver (GER)"]
[Result "0-1"]
[WhiteElo "1691"]
[BlackElo "2112"]

1.e4 e6 2.d4 d5 3.Nd2 Nc6 4.Ngf3 Nf6 5.e5 Nd7 6.c3 f6 7.exf6 Qxf6 8.Bd3 Bd6
9.O-O e5 10.Nxe5 Ndxe5 11.dxe5 Nxe5 12.Re1 O-O 13.Bc2 Qxf2+ 14.Kh1 Bg4 {#R}
0-1

[Event "It"]
[Site "masterchessopen.com – Hania (Greece)"]
[Date "1999.08.27"]
[Round "8"]
[White "Dochev Dimitar (BUL)"]
[Black "Skalkotas Nikolaos (GRE)"]
[Result "1-0"]
[WhiteElo "2365"]
[BlackElo "2321"]

1.e4 e6 2.d4 d5 3.Nd2 Nc6 4.Ngf3 Nf6 5.e5 Nd7 6.Nb3 Be7 7.Bb5 Ncb8 8.h4 b6
9.Ng5 Bxg5 10.Bxg5 f6 11.exf6 gxf6 12.Qh5+ Ke7 13.Bf4 Ba6 14.Bxa6 Nxa6
15.O-O-O Qe8 16.Qe2 Qc8 17.Rde1 Nf8 18.g4 Kd7 19.g5 f5 20.Rh3 Kc6 21.Rc3+ Kd7
22.Nd2 {#r} 1-0

[Event "It (open) \"]
[Site "masterchessopen.com – Eforie Nord (Romania)"]
[Round "0"]
[White "Parligras Cosmin (ROM)"]
[Black "Iordache Claudiu Badea (ROM)"]
[Result "1-0"]
[WhiteElo "2249"]
[BlackElo "2174"]

1.e4 e6 2.d4 d5 3.Nd2 Nc6 4.Ngf3 Nf6 5.e5 Nd7 6.c3 f6 7.exf6 Qxf6 8.Be2 Bd6
9.Nf1 O-O 10.Bg5 Qf7 11.Ng3 e5 12.O-O exd4 13.cxd4 Nf6 14.Qb3 Kh8 15.Rae1 Bd7
16.Bd3 Rae8 17.Rxe8 Rxe8 18.Bxf6 Qxf6 19.Qxd5 Nb4 20.Qb3 a6 21.Ne4 Qf4 22.Nxd6
Qxd6 23.Ng5 Be6 24.Re1 Qf4 25.Qxb4 {#r} 1-0

[Event "Ch DLM (team)"]
[Site "masterchessopen.com – Bad Homburg (Germany)"]
[Round "5"]
[White "Baerwinkel Tobias (GER)"]
[Black "Berger Steve (GER)"]
[Result "0-1"]
[WhiteElo "2176"]
[BlackElo "2320"]

1.e4 e6 2.d4 d5 3.Nd2 Nc6 4.Ngf3 Nf6 5.e5 Nd7 6.Nb3 Be7 7.Bb5 O-O 8.O-O Ncb8
9.Qe2 a5 10.a4 b6 11.Ne1 c6 12.Bd3 c5 13.c4 dxc4 14.Bxh7+ Kxh7 15.Qe4+ Kg8
16.Qxa8 cxb3 17.f4 Ba6 18.Rf2 cxd4 19.Qf3 Bb4 20.Bd2 Bxd2 21.Rxd2 Nc5 22.Qh5
f6 23.Nf3 Nc6 24.Re1 d3 25.Re3 Qe8 26.Qh4 Qg6 27.exf6 Rxf6 28.Ne5 Nxe5 29.fxe5
Qh6 30.Qd4 Qf4 {#R} 0-1

[Event "Ch Poland (team) (juniors) (under 20) (2 div)"]
[Site "masterchessopen.com – Biala-Podlaska (Poland)"]
[Round "3"]
[White "Roubo Dariusz (POL)"]
[Black "Bugalski Michal (POL)"]
[Result "0-1"]
[WhiteElo "2027"]
[BlackElo "2185"]

1.e4 e6 2.d4 d5 3.Nd2 Nc6 4.Ngf3 Nf6 5.e5 Nd7 6.Nb3 a5 7.a4 b6 8.c3 Be7 9.Bd3
Ncb8 10.O-O Ba6 11.Re1 Bxd3 12.Qxd3 c5 13.Qe2 Nc6 14.Bf4 Rc8 15.Rad1 O-O
16.Bg3 Qc7 17.Kh1 Qb7 18.Na1 Rc7 19.Nc2 Rfc8 20.Na3 Na7 21.Nc2 Qc6 22.Ra1 Nb8
23.Nd2 Qd7 24.Nb1 Nbc6 25.Qg4 cxd4 26.Nxd4 {#R} 0-1

[Event "Ch Czech Republic (seniors) (team) 2000/01"]
[Site "masterchessopen.com – Czech Republic"]
[Round "7"]
[White "Smutny Jan (CZE)"]
[Black "Splichal Petr (CZE)"]
[Result "1-0"]
[WhiteElo "2150"]
[BlackElo "2002"]

1.e4 e6 2.d4 d5 3.Nd2 Nc6 4.Ngf3 Nf6 5.e5 Nd7 6.c3 f6 7.exf6 Qxf6 8.Bb5 Bd6
9.Nf1 a6 10.Be2 O-O 11.Ng3 Ne7 12.O-O Nf5 13.Bd3 c6 14.Qe2 Nxg3 15.fxg3 h6
16.Bg5 hxg5 17.Ne5 Qh6 18.Ng4 Qh5 19.Qxe6+ Kh8 20.Qxd6 Rg8 21.h3 g6 22.Rf7 Rg7
23.Raf1 Qh7 24.Rf8+ Rg8 25.Rxg8+ Qxg8 26.Bxg6 c5 27.Rf7 {#r} 1-0

[Event "Ch Ukraine (juniors) (under 16)"]
[Site "masterchessopen.com – Kiev (Ukraine)"]
[Round "0"]
[White "Palekha Alexey (UKR)"]
[Black "Sitnikov Anton (UKR)"]
[Result "0-1"]
[WhiteElo "2138"]
[BlackElo "2506"]

1.e4 e6 2.d4 d5 3.Nd2 Nc6 4.Ngf3 Nf6 5.e5 Nd7 6.Nb3 Be7 7.c3 f6 8.Bb5 O-O
9.Bxc6 bxc6 10.Na5 fxe5 11.Nxc6 Qe8 12.Nxe7+ Qxe7 13.dxe5 Rf5 14.Qe2 a5 15.Bd2
Ba6 16.Qe3 c5 17.g4 Rxf3 18.Qxf3 Nxe5 19.Qe3 Nd3+ 20.Kd1 Nxb2+ 21.Kc2 Rb8
22.Rhe1 Bd3+ 23.Kc1 Be4 24.f3 Nc4 25.Qf2 Qb7 26.fxe4 Qb2+ 27.Kd1 Qxa1+ 28.Ke2
Qxa2 {#R} 0-1

[Event "It (open)"]
[Site "masterchessopen.com – Leutersdorf (Germany)"]
[Round "9"]
[White "Schneider Hennig (GER)"]
[Black "Skorna Ullrich (GER)"]
[Result "0-1"]
[WhiteElo "2204"]
[BlackElo "2168"]

1.e4 e6 2.d4 d5 3.Nd2 Nc6 4.Ngf3 Nf6 5.e5 Nd7 6.c3 f6 7.exf6 Qxf6 8.Bb5 Bd6
9.O-O O-O 10.Nb3 a6 11.Bg5 Qf7 12.Bxc6 bxc6 13.Qe2 Qh5 14.h4 e5 15.dxe5 Nxe5
16.Nfd4 Bg4 17.f3 Bd7 18.g4 Qg6 19.Kg2 h6 20.Bd2 Nxg4 21.fxg4 Bxg4 22.Rxf8+
Rxf8 23.Qe3 Bf3+ {#R} 0-1

[Event "Ch Brazil (1/2 final)"]
[Site "masterchessopen.com – Santos (Brazil)"]
[Round "2"]
[White "Chaves Joara (BRA)"]
[Black "Sega Carlos Alberto (BRA)"]
[Result "0-1"]
[WhiteElo "2057"]
[BlackElo "2270"]

1.e4 e6 2.d4 d5 3.Nd2 Nc6 4.Ngf3 Nf6 5.e5 Nd7 6.Be2 f6 7.exf6 Qxf6 8.Nf1 e5
9.dxe5 Ndxe5 10.Qxd5 Be6 11.Qb5 O-O-O 12.Bg5 Bb4+ 13.N1d2 Qxg5 14.Nxg5 Bxd2+
15.Kf1 Bxg5 16.h4 Bf6 17.Qa4 Rd4 18.Qa3 Re8 19.Re1 Nc4 20.Qg3 Bd7 21.Kg1 Rde4
22.Qd3 Nd4 23.Kf1 Nxb2 {#R} 0-1

[Event "It (open)"]
[Site "masterchessopen.com – Selestat (France)"]
[Round "2"]
[White "Karpatchev Aleksandr (RUS)"]
[Black "Linder Oliver (GER)"]
[Result "0-1"]
[WhiteElo "2437"]
[BlackElo "2108"]

1.e4 e6 2.d4 d5 3.Nd2 Nc6 4.Ngf3 Nf6 5.e5 Nd7 6.Bd3 f6 7.exf6 Qxf6 8.O-O Bd6
9.Nb3 e5 10.Bg5 Qf7 11.dxe5 Ndxe5 12.Nxe5 Nxe5 13.Bb5+ c6 14.f4 Ng6 15.Qe2+
Ne7 16.c4 cxb5 17.c5 O-O 18.cxd6 Nf5 19.Be7 Re8 20.Qxb5 Nxe7 21.dxe7 Rxe7
22.f5 a6 23.Qb6 Bxf5 24.Rad1 Qg6 25.Qxg6 Bxg6 26.Rxd5 Bf7 27.Rd3 Bc4 {#R} 0-1

[Event "Ch West Scotland"]
[Site "masterchessopen.com – Clarkston (Scotland)"]
[Date "2000.05.26"]
[Round "1"]
[White "Shaw John (SCO)"]
[Black "Buchanan Walter F (SCO)"]
[Result "1-0"]
[WhiteElo "2435"]
[BlackElo "2105"]

1.e4 e6 2.d4 d5 3.Nd2 Nc6 4.Ngf3 Nf6 5.e5 Nd7 6.Bb5 a6 7.Bxc6 bxc6 8.Nb3 c5
9.Bg5 f6 10.Na5 c6 11.Bd2 Qc7 12.Qe2 fxe5 13.dxe5 Be7 14.O-O O-O 15.Rfe1 Rb8
16.Nb3 c4 17.Nbd4 Nc5 18.b3 cxb3 19.axb3 Ne4 20.Ba5 Qb7 21.Qd3 c5 22.Ne2 Qc6
23.Ng3 Bb7 24.Re2 Rf7 25.Rae1 Nxg3 26.hxg3 d4 27.Rf1 Rbf8 28.Ne1 Qd5 29.Bd2
Rf5 30.f4 Bc6 {#r} 1-0

[Event "Ch Provinciale BG"]
[Site "masterchessopen.com – Bergamo (Italy)"]
[Date "2000.10.24"]
[Round "5"]
[White "Nasoni Paolo (ITA)"]
[Black "Pirola Andrea (ITA)"]
[Result "0-1"]
[WhiteElo "1902"]
[BlackElo "2115"]

1.e4 e6 2.d4 d5 3.Nd2 Nc6 4.Ngf3 Nf6 5.e5 Nd7 6.c3 f6 7.exf6 Qxf6 8.Bb5 Bd6
9.Nf1 O-O 10.Bg5 Qf7 11.Ne3 e5 12.dxe5 Ndxe5 13.Qd2 Qxf3 14.gxf3 Nxf3+ 15.Ke2
Nxd2 16.Kxd2 Rxf2+ 17.Be2 d4 18.Nd1 Rg2 19.Bh4 Bg4 20.Nf2 dxc3+ 21.bxc3 Bxe2
22.Kxe2 Re8+ 23.Kf3 Rxh2 24.Rxh2 Bxh2 25.Ng4 Ne5+ 26.Nxe5 Bxe5 27.Re1 Rf8+
{#R} 0-1

[Event "It (open)"]
[Site "masterchessopen.com – Arco (Italy)"]
[Round "9"]
[White "Luciani Carlo (ITA)"]
[Black "Lovati Paolo (ITA)"]
[Result "1-0"]
[WhiteElo "2241"]
[BlackElo "2052"]

1.e4 e6 2.d4 d5 3.Nd2 Nc6 4.Ngf3 Nf6 5.e5 Nd7 6.Be2 Be7 7.Nf1 O-O 8.Ne3 f6
9.exf6 Nxf6 10.O-O Bd7 11.c4 Be8 12.Ne5 Bf7 13.Nxf7 Rxf7 14.cxd5 exd5 15.g3
Bf8 16.Ng2 Qc8 17.Nf4 g6 18.Bf3 Qd7 19.Be3 Nd8 20.Bg2 Re7 21.h4 Nf7 22.Bh3 Qe8
23.Qf3 c6 24.Nxg6 hxg6 25.Qxf6 {#r} 1-0